| 000 | 01170nam a22002657a 4500 | ||
|---|---|---|---|
| 999 |
_c63729 _d63729 |
||
| 005 | 20240530110656.0 | ||
| 008 | 171220s2015 ua ak f b 000 0 ara d | ||
| 017 |
_a2015/13346 _bمصر. دار الكتب |
||
| 020 | _a9789770529980 | ||
| 040 |
_aEG-CaGPL _cEG-CaGPL |
||
| 082 | 0 | 4 |
_221 _a616.8589 / _bع ف |
| 100 | 0 | _aعبدالجواد خليفة ابو زيد | |
| 245 | 1 | 0 |
_aفرط الحركة ونقص الانتباه من منظور علاجى : _bاستراتيجيات تعليمية وارشادية للاباء والمدرسين / _cتاليف عبدالجواد خليفة ابو زيد ، هبة سامى على |
| 260 |
_aالقاهرة : _bمكتبة الانجلو المصرية ، _c2015. |
||
| 300 |
_a237 ص. : _bايض ؛ _c24 سم. |
||
| 504 | _aيشتمل على ارجاعات ببليوجرافية | ||
| 650 | 0 | 7 |
_2qrmak _aالانتباه |
| 650 | 0 | 7 |
_2qrmak _aعلم النفس التجريبى |
| 650 | 0 | 7 |
_2qrmak _aالحركة |
| 651 | _2qrmak | ||
| 653 | 0 | _aفرط الحركة - العلاج | |
| 700 | 0 |
_aهبة سامى على _eمؤلف مشارك |
|
| 942 |
_2ddc _cBK |
||